000 01025nmm a2200313 a 4500
001 ocm0002347646
003 TR-IsHL
005 20201028185107.0
008 190902s2019 tu tur
007 cr cn
020 _a9786059898027
035 _a2347646
_b(N$T)
050 0 4 _aBP166.2
_b.Y55 2019
090 0 4 _aBP166.2
_b.Y55 2019
100 1 _aYıldırım, Yakup
245 1 0 _aAllah'ı bilmek ve tanımak
_h[electronic resource] /
_cYakup Yıldırım ; editör Yavuz Selim Pınarbaşı
250 _a2. Baskı
260 _aİstanbul :
_bPatriot Yayınları,
_c2019
300 _a241 p.
650 4 _aFelsefe, Psikoloji ve Din
650 4 _aPhilosophy, Psychology and Religion
650 0 _aAllah'ın birliği
650 0 _aUnity of God
650 0 _aTasavvuf
650 0 _aSufism
650 7 _aRELIGION / Islam / Koran & Sacred Writings
_2bisacsh
700 1 _aPınarbaşı, Yavuz Selim
856 4 0 _uhttp://search.ebscohost.com/login.aspx?direct=true&scope=site&db=e011xww&AN=2347646
999 _c21306
_d21306